|
|
|
|
| LEADER |
01642nam a2200301 a 4500 |
| 001 |
13677496 |
| 008 |
090507s2005 njua 001 0 eng d |
| 010 |
|
|
|a 2004042293
|
| 020 |
|
|
|a 9812532277
|
| 040 |
|
|
|a DLC
|c DLC
|d DLC
|
| 082 |
0 |
0 |
|a 621.319/2
|2 22
|
| 100 |
1 |
|
|a Irwin, J. David,
|d 1939-
|
| 245 |
1 |
0 |
|a Basic engineering circuit analysis /
|c J. David Irwin, R. Mark Nelms.
|
| 250 |
|
|
|a 8th ed.
|
| 260 |
|
|
|a Hoboken, NJ :
|b J. Wiley & Sons,
|c c2005.
|
| 300 |
|
|
|a xx, 794 p. :
|b ill. (some col.) ;
|c 29 cm.
|
| 500 |
|
|
|a Includes index.
|
| 541 |
1 |
|
|e 00015047
|
| 650 |
|
0 |
|a Electric circuit analysis.
|
| 700 |
1 |
|
|a Nelms, R. M.
|
| 852 |
4 |
|
|a <add library>
|j <shelf mark>
|
| 942 |
0 |
0 |
|0 1
|
| 999 |
|
|
|c 506
|d 506
|
| 952 |
|
|
|0 0
|1 0
|2 ddc
|4 0
|6 621_319200000000000_IRW_2005
|7 0
|9 457
|a BRACUL
|b BRACUL
|c GEN
|d 2009-05-10
|g 820.00
|l 13
|m 87
|o 621.3192 IRW
|p 3010015047
|r 2024-05-13
|s 2024-05-06
|t 1
|w 2009-05-10
|y BK
|
| 952 |
|
|
|0 0
|1 4
|2 ddc
|4 1
|6 621_319200000000000_IRW
|7 0
|9 11938
|a BRACUL
|b BRACUL
|c GEN
|d 2010-09-21
|e Karim International
|g 910.00
|l 12
|m 78
|o 621.3192 IRW
|p 3010020718
|r 2014-09-23
|s 2014-06-11
|t 2
|w 2010-09-21
|y BK
|x Koha Inventory 2020
|
| 952 |
|
|
|0 0
|1 0
|2 ddc
|4 0
|6 621_319200000000000_IRW_2005
|7 0
|9 12044
|a BRACUL
|b BRACUL
|c GEN
|d 2010-09-23
|l 19
|m 133
|o 621.3192 IRW
|p 3010020720
|r 2026-05-19
|s 2026-05-17
|t 3
|w 2010-09-23
|y BK
|
| 952 |
|
|
|0 0
|1 0
|2 ddc
|4 0
|6 621_319200000000000_IRW_2007
|7 0
|9 12196
|a BRACUL
|b BRACUL
|c GEN
|d 2010-09-29
|l 19
|m 82
|o 621.3192 IRW
|p 3010020719
|r 2024-01-15
|s 2023-12-09
|t 4
|w 2010-09-29
|y BK
|
| 952 |
|
|
|0 0
|1 0
|2 ddc
|4 0
|6 621_319200000000000_IRW_2007
|7 0
|9 16297
|a BRACUL
|b BRACUL
|c GEN
|d 2011-05-05
|l 14
|m 102
|o 621.3192 IRW
|p 3010020721
|r 2024-05-15
|s 2024-03-21
|t 5
|w 2011-05-05
|y BK
|